Cosmología

সংরক্ষণ করুন:
গ্রন্থ-পঞ্জীর বিবরন
প্রধান লেখক: Bondi, Hermann (Author)
বিন্যাস: গ্রন্থ
ভাষা:স্প্যানিশ
প্রকাশিত: Barcelona Labor 1970
সংস্করন:2a. ed
মালা:Nueva Colección Labor, 102
বিষয়গুলি:
ট্যাগগুলো: ট্যাগ যুক্ত করুন
কোনো ট্যাগ নেই, প্রথমজন হিসাবে ট্যাগ করুন!

MARC

LEADER 00000nam a2200000 a 4500
001 UCO1717
003 CL-VaPUC
008 000519e19700000SP |||||||||||||||||spa|d
082 0 4 |a 523.1  |b BON  |2 21 
100 0 |a Bondi, Hermann  |e author  |9 444181 
245 1 0 |a Cosmología 
250 |a 2a. ed 
300 |a 199 p 
942 |c BK 
945 |d 20000519 00:00:00  |a vberengu 
260 |a Barcelona  |b Labor  |c 1970 
650 7 |a CIENCIAS DEL ESPACIO  |2 CL-VaPUC  |9 346032 
650 0 |a Cosmología  |9 269138 
650 0 |a Física   |9 227844 
650 0 |a Universo  |9 266563 
583 |a last modification  |c 20000519 00:00:00  |k Rodrigo Vera 
490 0 |a Nueva Colección Labor, 102 
999 |c 288319  |d 288317 
952 |0 0  |1 0  |4 0  |6 523_100000000000000_BON_1970  |7 0  |8 A  |9 335908  |a BIBCUR  |b BIBCUR  |d 2019-11-20  |i 3581446  |o 523.1 BON 1970  |p 3581446  |r 2025-04-22  |w 2019-11-20  |y BK  |k BCB